MARC

LEADER 00000nam0a2200000 4500
001 291931
005 20231102000436.0
020 |a RU  |b 83-80106 
035 |a (RuTPU)RU\TPU\book\316527 
090 |a 291931 
100 |a 20150417d1983 k y0rusy5003 ca 
101 0 |a rus 
102 |a RU 
105 |a a z 001zy 
200 1 |a Легкие бетоны на основе отходов промышленности и конструкции из них  |e сборник научных трудов  |f Научно-исследовательский институт бетона и железобетона (НИИЖБ) ; под ред. И. Е. Путляева, В. И. Савина 
210 |a Москва  |c Изд-во НИиЖБ  |d 1983 
215 |a 81 с.  |c ил. 
320 |a Библиография в конце статей 
606 1 |a Бетон легкий  |x Заполнители шлаковые  |2 stltpush  |3 (RuTPU)RU\TPU\subj\35503  |9 57170 
610 1 |a легкобетонное строительство 
610 1 |a стеновые панели 
610 1 |a поризованный арболит 
610 1 |a ограждающие конструкции 
610 1 |a шлакопемзобетон 
610 1 |a компоненты 
610 1 |a свойства 
610 1 |a усадка 
610 1 |a ползучесть 
610 1 |a шунгизитобетон 
675 |a 666.973.2  |v 4 
702 1 |a Путляев  |b И. Е.  |g Иван Егорович  |4 340 
702 1 |a Савин  |b В. И.  |4 340 
712 0 2 |a Научно-исследовательский институт бетона и железобетона (НИИЖБ)  |2 stltpush  |3 (RuTPU)RU\TPU\col\20214 
801 0 |a RU  |b RuMRKP  |c 19950704  |g psbo 
801 1 |a RU  |b 63413507  |c 20150417 
801 2 |a RU  |b 63413507  |c 20181218  |g RCR 
942 |c BK